Institute of Quantity Surveyors (Record no. 119281)

MARC details
000 -LEADER
fixed length control field 00629cas a22001935a 4500
001 - CONTROL NUMBER
control field L150498
008 - FIXED-LENGTH DATA ELEMENTS--GENERAL INFORMATION
fixed length control field 100720d1962198 xxkbr p 0 a0eng u
035 ## - SYSTEM CONTROL NUMBER
System control number (Sirsi) u150498
041 0# - LANGUAGE CODE
Language code of text/sound track or separate title eng
110 2# - MAIN ENTRY--CORPORATE NAME
Corporate name or jurisdiction name as entry element Institute of Quantity Surveyors
9 (RLIN) 2491
245 00 - TITLE STATEMENT
Title Institute of Quantity Surveyors
Remainder of title Yearbook
260 ## - PUBLICATION, DISTRIBUTION, ETC.
Place of publication, distribution, etc. London
Name of publisher, distributor, etc. IQS
Date of publication, distribution, etc. 1956-1983
362 ## - DATES OF PUBLICATION AND/OR SEQUENTIAL DESIGNATION
Dates of publication and/or sequential designation 1962-1981 (incomplete holdings)
520 ## - SUMMARY, ETC.
Summary, etc. Vols available 1962-1963, 19641965, 1966-1967, 1969, 1972-1972, 1973-1974, 1975-1976, 1977-1978, 1980 and 1980-1981
554 ## -
-- Annual
651 #4 - SUBJECT ADDED ENTRY--GEOGRAPHIC NAME
Geographic name United Kingdom
Chronological subdivision
690 ## - LOCAL SUBJECT ADDED ENTRY--TOPICAL TERM (OCLC, RLIN)
Topical term or geographic name as entry element Quantity surveying
9 (RLIN) 6263
942 ## - ADDED ENTRY ELEMENTS (KOHA)
Suppress in OPAC 0
Holdings
Withdrawn status Lost status Source of classification or shelving scheme Damaged status Not for loan Home library Current library Shelving location Date acquired Total Checkouts Full call number Barcode Date last seen Price effective from Koha item type
    Dewey Decimal Classification     London London Basement 20/07/2010   IQS YEARBOOK 150498-1001 06/08/2019 06/08/2019 Journal